Backgrounds to English Literature : (Record no. 200130383)

MARC details
000 -LEADER
fixed length control field 01100 a2200265 4500
001 - CONTROL NUMBER
control field 200130383
003 - CONTROL NUMBER IDENTIFIER
control field TR-AnTOB
005 - DATE AND TIME OF LATEST TRANSACTION
control field 20231208145148.0
008 - FIXED-LENGTH DATA ELEMENTS--GENERAL INFORMATION
fixed length control field 130828s2013 tu 000 0
020 ## - INTERNATIONAL STANDARD BOOK NUMBER
International Standard Book Number 0816051267
040 ## - CATALOGING SOURCE
Original cataloging agency TR-AnTOB
Language of cataloging eng
Transcribing agency TR-AnTOB
Description conventions rda
041 ## - LANGUAGE CODE
Language code of text/sound track or separate title İngilizce
050 00 - LIBRARY OF CONGRESS CALL NUMBER
Classification number PR25
Item number .B33 2003
090 ## - LOCALLY ASSIGNED LC-TYPE CALL NUMBER (OCLC); LOCAL CALL NUMBER (RLIN)
Classification number (OCLC) (R) ; Classification number, CALL (RLIN) (NR) PR25 .B33 2003
245 00 - TITLE STATEMENT
Title Backgrounds to English Literature :
Remainder of title The Renaissance /
Statement of responsibility, etc. Patrick Lee Browne.
246 ## - VARYING FORM OF TITLE
Title proper/short title English literature in its historical,cultural, and social contexts
264 #1 - PRODUCTION, PUBLICATION, DISTRIBUTION, MANUFACTURE, AND COPYRIGHT NOTICE
Place of production, publication, distribution, manufacture New York :
Name of producer, publisher, distributor, manufacturer Facts on File,
Date of production, publication, distribution, manufacture, or copyright notice 2003
300 ## - PHYSICAL DESCRIPTION
Extent 276 p:
Other physical details ill. (some col.) ;
Dimensions 26 cm.
505 1# - FORMATTED CONTENTS NOTE
Formatted contents note v. 1. The Renaissance / Patrick Lee-Browne -- v. 2. The romantics / Neil King -- v. 3. The Victorians / Aidan Cruttenden -- v. 4. The modernist period, 1900-1945 / Patrick Lee-Browne -- v. 5. Post-war literature 1945 to the present / Caroline Merz and Patrick Lee-Browne
650 #0 - SUBJECT ADDED ENTRY--TOPICAL TERM
Topical term or geographic name entry element Literature and history
Geographic subdivision Great Britain
9 (RLIN) 92680
Topical term or geographic name entry element English Literature
General subdivision History and criticism
9 (RLIN) 34211
651 #0 - SUBJECT ADDED ENTRY--GEOGRAPHIC NAME
Geographic name Great Britain
General subdivision Civilization
9 (RLIN) 92684
942 ## - ADDED ENTRY ELEMENTS (KOHA)
Koha item type Book
Source of classification or shelving scheme Library of Congress Classification
Holdings
Withdrawn status Lost status Source of classification or shelving scheme Not for loan Collection code Home library Current library Shelving location Date acquired Source of acquisition Cost, normal purchase price Serial Enumeration / chronology Inventory number Total Checkouts Total Holds Full call number Barcode Date last seen Date last checked out Copy number Cost, replacement price Date shelved Koha item type
      Ödünç Verilebilir / Available Genel Koleksiyon Merkez Kütüphane Merkez Kütüphane Genel Koleksiyon / Main Collection 28/08/2013 Satın Alma / Purchase 0.00 1 İDE 2   PR25 .B33 2003 0042846 17/03/2022 10/03/2022 1 46.87 22/08/2013 Book
Devinim Yazılım Eğitim Danışmanlık tarafından Koha'nın orjinal sürümü uyarlanarak geliştirilip kurulmuştur.